| 000 | 00361 a2200121 4500 | ||
|---|---|---|---|
| 000 | nam a22 7a 4500 | ||
| 005 | 20260211121347.0 | ||
| 020 | _a978-93-91520-38-0 | ||
| 100 |
_aKher, Rajendra _91115134 |
||
| 245 | _aStrategic rivalries in the middle east: Iran, Israel, and the balance of power | ||
| 260 |
_bPrashant Publishing House _c2024 |
||
| 942 | _cTB | ||
| 999 |
_c1679260 _d1679260 |
||